| 000 | 00512nam a2200181 i 4500 | ||
|---|---|---|---|
| 001 | 94721 | ||
| 003 | ES-MaACL | ||
| 005 | 20230906181535.0 | ||
| 007 | t| | ||
| 008 | 050512s1972 sp ||||1| spa d | ||
| 100 | 1 |
_aLozano Calvo, Luis. _974435 |
|
| 245 | 1 | 0 |
_aIntroducción a la geofísica / _cLuis Lozano Calvo. |
| 260 |
_aMadrid : _bParaninfo, _c1972. |
||
| 300 |
_a346 p. ; _c22 cm. |
||
| 504 | _aBibliografía. Indice. | ||
| 852 |
_aES-MaACL _jG-12067 _bR.114582 |
||
| 852 |
_aES-MaACL _jC-41114 _bR.800646 |
||
| 999 |
_c94721 _d94721 |
||